| 000 | 00487nam a22001697a 4500 | ||
|---|---|---|---|
| 005 | 20251108172304.0 | ||
| 008 | 250721s1997 xx 000 0 ara d | ||
| 082 | 1 | 4 | _a631.7/عمو |
| 100 | 1 | _aالعمود، أحمد إبراهيم | |
| 245 | 1 | 0 | _aنظم الري بالتنقيط / |
| 264 | 1 |
_aالرياض : _bجامعة الملك سعود، _c1997. |
|
| 300 | _a374ص | ||
| 650 | 1 | 7 | _aالري بالتنقيط |
| 650 | 1 | 7 | _aالزراعة |
| 942 |
_2ddc _cBK |
||
| 999 |
_c75259 _d75259 |
||